Central Library OPAC University of Rajshahi

Critics on Yeats : (Record no. 53955)

MARC details
000 -LEADER
fixed length control field 00879nam a2200277 a 4500
001 - CONTROL NUMBER
control field 53955
003 - CONTROL NUMBER IDENTIFIER
rucl marc code BD-RjUL
005 - DATE AND TIME OF LATEST TRANSACTION
control field 20211209080041.0
008 - FIXED-LENGTH DATA ELEMENTS--GENERAL INFORMATION
fixed length control field 161030s1992 enk b 000 0 eng
020 ## - INTERNATIONAL STANDARD BOOK NUMBER
International Standard Book Number 004801012X
035 ## - SYSTEM CONTROL NUMBER
System control number (BD-RjUL)54077
040 ## - CATALOGING SOURCE
Original cataloging agency DLC
Transcribing agency DLC
Modifying agency DLC
-- BD-RjUL
Language of cataloging eng
041 ## - LANGUAGE CODE
Language code of text/sound track or separate title eng
082 00 - DEWEY DECIMAL CLASSIFICATION NUMBER
Classification number 821.8
Edition number 23
Author mark and year CRI 1992
245 10 - TITLE STATEMENT
Title Critics on Yeats :
Remainder of title readings in literary criticism /
Statement of responsibility, etc. Raymond Cowell
260 ## - PUBLICATION, DISTRIBUTION, ETC. (IMPRINT)
Place of publication, distribution, etc. London :
Name of publisher, distributor, etc. Allen and Unwin,
Date of publication, distribution, etc. c1971 [reprint 1992]
300 ## - PHYSICAL DESCRIPTION
Pagination ix, 114 p. ;
Size 22 cm.
350 ## - PRICE (NR) (BK AM CF MU VM SE) [OBSOLETE]
Price £0.85
490 0# - SERIES STATEMENT
Series statement Readings in literary criticism,
Volume/sequential designation 10
504 ## - BIBLIOGRAPHY, ETC. NOTE
Bibliography, etc Bibliography: p. [111]-114.
600 10 - SUBJECT ADDED ENTRY--PERSONAL NAME
Personal name Yeats, W. B.
Fuller form of name (William Butler),
Dates associated with a name 1865-1939
General subdivision Criticism and interpretation.
651 #0 - SUBJECT ADDED ENTRY--GEOGRAPHIC NAME
Geographic name Ireland
General subdivision In literature.
9 (RLIN) 161111
700 ## - ADDED ENTRY--PERSONAL NAME
Personal name Cowell, Raymond
942 ## - ADDED ENTRY ELEMENTS (KOHA)
Source of classification or shelving scheme Dewey Decimal Classification
Koha item type Books
Holdings
Lost status Source of classification or shelving scheme Damaged status Not for loan Collection code Permanent Location Current Location Shelving location Date acquired Source of acquisition Cost, normal purchase price Total Checkouts Full call number Date last seen Copy number Koha item type
  Dewey Decimal Classification     Non-fiction Central Library, University of Rajshahi Central Library, University of Rajshahi   11/12/1969 Book view 37.50   821.8 CRI 1992 30/10/2016 C-2 Books